Vista normal
Vista MARC
Entrada Personal Name
Número de registros utilizados en: 1
001 - CONTROL NUMBER
- control field: 15182
003 - CONTROL NUMBER IDENTIFIER
- control field: DLC
005 - DATE AND TIME OF LATEST TRANSACTION
- control field: 20231127124241.0
008 - FIXED-LENGTH DATA ELEMENTS
- fixed length control field: 160602n| azannaabn |n aaa
010 ## - LIBRARY OF CONGRESS CONTROL NUMBER
- LC control number: nb2016011565
035 ## - SYSTEM CONTROL NUMBER
- System control number: (Uk)009645929
040 ## - CATALOGING SOURCE
- Original cataloging agency: Uk
- Language of cataloging: spa
- Description conventions: rda
- Transcribing agency: Mx-PuUPA
- Modifying agency: Mx-PuUPA
046 ## - SPECIAL CODED DATES
- Start period: 20
100 1# - HEADING--PERSONAL NAME
- Personal name: Lang, Noël,
372 ## - FIELD OF ACTIVITY
- Field of activity: Ilustración de libros
- Field of activity: Historietas, tiras cómicas, etc.
- Source of term: lcsh
374 ## - OCCUPATION
- Occupation: Illustrador
- Occupation: Autor
- Source of term: lcsh
375 ## - GENDER
- Gender: hombre
377 ## - ASSOCIATED LANGUAGE
- Language code: eng
670 ## - SOURCE DATA FOUND
- Source citation: Downtown, November 2012:
- Information found: title page (Noël Lang) title page verso (Noël Lang, illustrations and texts)